000 00659nam a22002177a 4500
005 20250913102857.0
008 250913b |||||||| |||| 00| 0 eng d
020 _a9789358495362
040 _aIN-DiNC
_cIN-DiNC
041 _deng
082 _a371.26
_bDEK
100 _aDeka, Nabanita
_eauthor
245 _aMeasurement and evaluation in education (Major11)/
_cby Nabanita Deka, Lokman Ali and Pulak Bhattacharyya
250 _a1st ed.
260 _aDibrugarh:
_bBanalata,
_c2025.
300 _a382p.
650 _aMeasurement and evaluation in education
700 _aAli, Lokman
_eauthor
700 _aBhattcharyya, Pulak
_eauthor
942 _2ddc
_cBK
999 _c12266
_d12266